000 00682cam a22002172 4500
001 0000020331
005 20151217161200.0
008 110912s xx 000 0 eng d
020 _a0198609964
040 _aKABU
_cKABU
100 1 _aPark, Chris.
_@0000180506
245 1 2 _aA dictionary of environment and conservation /
_cChris Park.
250 _a2nd ed.
260 _aOxford :
_bO. U. P.,
_c2008.
300 _avi, 522 p.
650 0 _aEnvironmental science
_vDictionareis.
_@0000180507
650 0 _aConservation of natural resources
_vDictionaries.
_@0000180508
852 1 _9p1540 KES
908 _a110912
950 _@1
999 _c15238
_d15238